Le Havre en images - Statistiques

Statistiques générales
  • Ce quiz a été pris 329 fois
    113 depuis la dernière actualisation
  • Le résultat moyen est 15 sur 18
Statistiques - réponses
Par images Hint Réponse % Correct
Région Normandie
98%
Maire Édouard Philippe
95%
Roi qui fonda la ville François Ier
95%
Mer Manche
94%
Club sportif (football) HAC
93%
Scène Nationale Le {Volcan}
86%
Réserve naturelle Estuaire de la {Seine}
85%
Equipement sportif Stade Océane
85%
Architecte en chef de la reconstruction Auguste Perret
79%
Monument emblématique du centre reconstruit Église {Saint}-{Joseph}
78%
1er port à _______ de France Conteneurs
76%
Musée Musée d'Art moderne André-Malraux
76%
Président de la République René Coty
74%
Plus grand espace vert Forêt de {Montgeon}
73%
Course transatlantique Transat Café L'Or
73%
Lieu d'intérêt Jardins suspendus
72%
Célébrité Laurent Ruquier
67%
Toile de Monet, peinte dans le port Impression, {soleil} {levant}
54%
Aucun quiz correspondant
Distribution des résultats
% des personnes avec chaque résultat
Percentile par nombre de réponses
Votre historique - résultats
Vous n’avez pas pris ce quiz depuis la dernière actualisation